Vehicle body fitting and repair : NVQ levels 2 and 3 / (Record no. 61268)

MARC details
000 -LEADER
fixed length control field 00723nam a2200193 a 4500
008 - FIXED-LENGTH DATA ELEMENTS--GENERAL INFORMATION
fixed length control field 060316s1995 ||||||||||||||||| || u
020 ## - INTERNATIONAL STANDARD BOOK NUMBER
International Standard Book Number 0750622717
050 ## - LIBRARY OF CONGRESS CALL NUMBER
Classification number TL 255 Rob
100 ## - MAIN ENTRY--PERSONAL NAME
Personal name Robinson, Alan
245 10 - TITLE STATEMENT
Title Vehicle body fitting and repair : NVQ levels 2 and 3 /
246 ## - VARYING FORM OF TITLE
Title proper/short title NVQ levels 2 and 3
260 ## - PUBLICATION, DISTRIBUTION, ETC.
Place of publication, distribution, etc. Boston, Mass. :
Name of publisher, distributor, etc. BUTTERWORTH HEINEMANN
Date of publication, distribution, etc. 1995.
260 ## - PUBLICATION, DISTRIBUTION, ETC.
Place of publication, distribution, etc. Boston, Mass. :
Name of publisher, distributor, etc. Newnes
Date of publication, distribution, etc. 1995.
350 ## - PRICE (NR) (BK AM CF MU VM SE) [OBSOLETE]
Price 0.00
500 ## - GENERAL NOTE
General note Includes index.
650 ## - SUBJECT ADDED ENTRY--TOPICAL TERM
Topical term or geographic name entry element MOTOR VEHICLES - BODIES - MAINTENANCE AND REPAIR
700 ## - ADDED ENTRY--PERSONAL NAME
Personal name Robinson, A. (Alan)
995 ## - RECOMMENDATION 995 [LOCAL, UNIMARC FRANCE]
-- 0.00
-- CBU-MAIN LIBRARY (Kitwe)
-- 1
-- 18.99
-- 1
-- AVAILABLE
-- Annex Low-Usage Collection
Holdings
Withdrawn status Lost status Source of classification or shelving scheme Damaged status Not for loan Home library Current library Shelving location Date acquired Total Checkouts Full call number Barcode Date last seen Price effective from Koha item type
          CBU-MAIN LIBRARY, KITWE. CBU-MAIN LIBRARY, KITWE.   11/30/2022   TL 255 Rob 028247 11/30/2022 11/30/2022 MONOGRAPH